ბათუმის შოთა რუსთაველის სახელმწიფო უნივერსიტეტის ბიბლიოთეკა

ოთხი მოთხრობა დაკარგული სავსე მთვარისათვის / (ბიბ.ჩანაწერი № 54933)

000 -ლიდერი
ფიქსირებული სიგრძის საკონტროლო ველი 01509nam a2200265Ia 4500
001 - საკონტროლო ნომერი
საკონტროლო ველი 22004
003 - საკონტროლო ნომრის იდენტიფიკატორი
საკონტროლო ველი GE_BSU
005 - ბოლო ოპერაციის თარიღი და დრო
საკონტროლო ველი 20220923140330.0
008 - ფიქსირებული სიგრძის მონაცემთა ელემენტები - ზოგადი ინფორმაცია
ფიქსირებული სიგრძის საკონტროლო ველი 181216s ||||ge |||||||||||||| ||geo||
020 ## - წიგნის საერთაშორისო სტანდარტული ნომერი
International Standard Book Number 9992898283
040 ## - კატალოგიზაციის წყარო
Transcribing agency GE_BSU
041 ## - ენის კოდი
Language code of text/sound track or separate title geo
080 ## - უნივერსალური ათობითი კლასიფიკაციის ინდექსი
Universal Decimal Classification number 821.14'01 კ-76
100 ## - მთავარი ჩანაწერი - პიროვნების სახელი
Personal name კორომილა, მარიანა
9 (RLIN) 14736
245 ## - ცნობა სათაურის შესახებ
Title ოთხი მოთხრობა დაკარგული სავსე მთვარისათვის /
Statement of responsibility, etc მარიანა კორომილა ; ბერძნულიდან თარგმნა და ბოლოსიტყვაობა დაურთო თამარ მესხმა ; რედ. რუსუდან ცანავა.
264 ## - წარმოების, გამოცემის, დისტრიბუციის და სხვა ცნობები
გამოცემის, წარმოების, დისტრიბუციის... ადგილი თბილისი :
გამოცემის, წარმოების, დისტრიბუციის... სახელწოდება ქრონოგრაფი,
გამოცემის, წარმოების, დისტრიბუციის... თარიღი 2004.
300 ## - ფიზიკური აღწერა
Extent 96 გვ. :
Other physical details ილ. ;
Dimensions 20 სმ.
500 ## - ზოგადი შენიშვნა
General note წიგნი გამოიცა საბერძნეთის კულტურის სამინისტროს თანადგომით
546 ## - LANGUAGE NOTE
Language note პარალელური სათაური ბერნულ ენაზე
653 ## - INDEX TERM--UNCONTROLLED
Uncontrolled term ბერძნული ლიტერატურა
653 ## - INDEX TERM--UNCONTROLLED
Uncontrolled term ოთხი მოთხრობა დაკარგული სავსე მთვარისათვის
700 ## - ADDED ENTRY--PERSONAL NAME
Personal name ცანავა, რუსუდან
Relator term რედაქტორი
9 (RLIN) 13931
942 ## - ADDED ENTRY ELEMENTS (KOHA)
Koha item type წიგნი
Source of classification or shelving scheme
ეგზემპლარები
ჩამოწერის სტატუსი დაკარგული ეგზემპლარის სტატუსი კლასიფიკაციის წყარო ან თაროზე გაწყობის სქემა დაზიანების სტატუსი არ გაიცემა მუდმივი მდებარეობა (დაცვის ადგილი) ამჟამინდელი ადგილსამყოფელი თაროზე განთავსების ადგილი შეძენის თარიღი ღირებულება, შესყიდვის ნორმალური ფასი სრული შენახვის შიფრი შტრიხკოდი ბოლო ოპერაციის თარიღი ეგზემპლარის მიმდევრობითი ნომერი (კეტერი?) ფასის ძალაში შესვლის თარიღი ეგზემპლარის სახეობა საჯარო შენიშვნა
          ბათუმის შოთა რუსთაველის სახელმწიფო უნივერსიტეტის მთავარი ბიბლიოთეკა ბათუმის შოთა რუსთაველის სახელმწიფო უნივერსიტეტის მთავარი ბიბლიოთეკა წიგნსაცავი 2018-12-17 4.00 821.14'01 კ-76 56731 2018-12-17 56731 2018-12-17 წიგნი 4.00 ₾.